000 004770000a22001810004500
003 MACL
005 20151016122916.0
008 151016b xxu||||| |||| 00| 0 eng d
040 _aMACL
_cMACL
041 _aEnglish
082 _a920/BAK
100 _aBakshi, S R
_91509
245 _aSecond October Saga of a Guiding Star
_bVol 1
260 _bVista International Publishing House
_c2009
_aDelhi
350 _a1900
650 _aBiography
_915245
942 _cBK
_k920/BAK
_2ddc
999 _c42153
_d42153